| 000 | 00429nam a2200181Ia 4500 | ||
|---|---|---|---|
| 008 | 210210b1929 xxu||||| |||| 00| 0 eng d | ||
| 041 | _aeng | ||
| 082 | _a825/566 | ||
| 100 | _aMORGAN (A E G) | ||
| 245 | _aScott and his poetry | ||
| 260 |
_aLondon _bGeorge G Harrap and Company Limited _c1929 |
||
| 650 | _aScott | ||
| 650 | _apoetry | ||
| 650 | _ahis | ||
| 650 | _aand | ||
| 690 | _aEnglish Criticism | ||
| 906 | _a014882 | ||
| 999 |
_c134113 _d134113 |
||